00835cam a22003374i 4500003000900000005001700009008004100026035001900067040003300086082002000119130002800139245002200167264004800189300003900237336002100276337002500297338002300322505002200345526001000367526001000377526001000387526001000397526000800407526000800415526000800423526000800431526000800439526000800447526000800455630003400463PE-LiUPU20250731173300.0150625s1933 enk r 000 0 grc d a(Sirsi) a36055 aPE-LiUPUbspacPE-LiUPUerda04a220.48bB13221 aBiblia.lGriego.f1933.10aTa Iepa Tpammata. 1aLondres :bOxford, University Press,c1933. a1279 páginas ;c17 centímetros atext2rdacontent aunmediated2rdamedia avolume2rdacarrier0 aBiblia en griego. aSEG42 aSEG41 aSEG40 aSEG39 aP94 aP87 aP86 aP85 aP77 aP76 aP35 aBiblia.pN.T.lGriego.f1933.